000 00723cam a2200229 a 4500
001 000004215
005 20200929151419.0
008 961230s1997 ck 001 f spa
020 _a9580439001
040 _aDO-SdBNP
_cDLC
_dDLC
_dOCoLC
_dDLC
082 _a813.54
_bG869s
100 1 _aGrisham, John.
_d1955-
_910906
245 1 4 _aEl socio /
_cJohn Grisham ; traducción, Eva Zimerman.
260 _aSantafé de Bogotá :
_bNorma,
_c1997.
300 _a453 p. ;
_c22 cm.
440 3 _aEl jurado.
_912441
534 _aTítulo original : The partner.
650 4 _aNovela estadounidense
_9262
650 4 _aLiteratura estadounidense
_9263
700 1 _aZimerman, Eva ;
_etr.
_912442
910 _aCatalogación por copia / LC
999 _c4029
_d4029